1988 1555 1483 1425 1275 1149 1312 1256 1624 1347 1013 1898 1746 1276 1291 1209 1356 1172 1109 1629 1745 1397 1503 1651 1551 1545 1559 1348 1028 1177 1536 1598 1149 1732 1368 1645 1137 1169 1696 1767 1818 1812 1755 1682 1785 1102 1245 1213 1470 1655 1305 1952 1341 1082 1941 1283 1162 1135 1255 1701 1677 1362 1503 1318 1521 1812 1271 1267 1883 1650 1199 1581 1028 1278 1535 1324 1781 1134 1262 1256 1425 1608 1831 1309 1225 1536 1892 1786 1835 1203 1042 1581 1214 1107 1167 1259 1431 1289 1743 BCNSPRNW ULIB Ver.6.0+V

เปลี่ยนเป็นภาษาไทย

Change to English
 แสดงรายละเอียดบรรณานุกรม
  กลับหน้าหลัก

Brief Record : Get Marc (ISO 2709) : E-mail record : QR code < ปิดหน้าต่าง
LEADER : 00000nam 2200000uu 4500
001    13399111010
003     ULIB
008    110614s||||||||th 000 0 tha d
020    9786117046414
050 04 AE71^bพ955ล 2552
100 0  Richard Platt
245 10 โลกพิศวง ของ สายลับจารชน /^cโดย Richard Platt , แปล ; กฤษณ์ ส่องโลก
250    พิมพ์ครั้งที่ 1
260    กรุงเทพฯ :^bเนชั่น เอ็กมอนท์,^c2552
300    64 หน้า :^bภาพประกอบสี
650  7 นิติเวช
650  7 สายลับ
700 0  กฤษณ์ ส่องโลก,^eแปล
700 0  ภานุวัฒน์ ชุติวงศ์,^eตรวจสอบความถูกต้อง
945    ^p395^l0^i029064
995    ทศพร
999 ^a ใช้งานได้ทุกระบบ
รายการนี้ยังไม่มีแท็ก
คุณยังไม่ได้ล็อกอิน คุณสามารถมีกิจกรรมร่วมกับเว็บไซต์ได้ แต่ต้องล็อกอินก่อน ::
  ล็อกอิน

รายการสื่อสารสนเทศ

ลำดับที่ ประเภท เลขเรียก/บาร์โค้ด สถานที่ สถานะ
- ไม่พบข้อมูล -

รายการใกล้เคียง
    หัวเรื่อง [นิติเวช]
    หัวเรื่อง [สายลับ]

BibComment


ยังไม่เคยถูกคอมเมนท์

คอมเมนท์ทรัพยากรรายการนี้
  คอมเมนท์: โลกพิศวง ของ สายล..


 Copyright 2026. Bcnsprnw @Library